书目信息 |
| 题名: |
数字高程模型及地学分析的原理与方法
|
|
| 作者: | 汤国安 , 刘学军 , 闾国年 著 | |
| 分册: | ||
| 出版信息: | 北京 科学出版社 2005 |
|
| 页数: | 12,411页 | |
| 开本: | 24cm | |
| 丛书名: | 地理信息系统教学丛书 | |
| 单 册: | ||
| 中图分类: | P216 , P208 | |
| 科图分类: | ||
| 主题词: | 高程系统 , 地形测量 , 高程系统--地形测量--数学模型 , 数学模型 , 测绘学 , 测量学 | |
| 电子资源: | ||
| ISBN: | 7-03-015321-9 | |
| 000 | 01453nam0 2200373 450 | |
| 000 | 01389nam0 2200337 450 | |
| 000 | 01322nam0 2200313 450 | |
| 000 | 01285nam0 2200301 45 | |
| 005 | 20070529083444.32 | |
| 010 | @a7-03-015321-9@dCNY38.00 | |
| 100 | @a20070420d2005 em y0chiy0120 ea | |
| 101 | 0 | @achi |
| 102 | @aCN@b110000 | |
| 105 | @ay z 000yy | |
| 200 | 1 | @a数字高程模型及地学分析的原理与方法@AShu Zi Gao Cheng Mo Xing Ji Di Xue Fen Xi De Yuan Li Yu Fang Fa@f汤国安,刘学军,闾国年著@FTang Guo An, Liu Xue Jun, Lu Guo Nian Zhu |
| 210 | @a北京@c科学出版社@d2005 | |
| 215 | @a12,411页@c图@d24cm | |
| 225 | 2 | @a地理信息系统教学丛书 |
| 300 | @a21世纪高等院校教材国家自然科学基金资助项目教育部科学技术基金重点项目 | |
| 330 | @a本书系统地介绍了DEM的基本概念、DEM的数据组织与管理、DEM的建立与处理、DEM的可视化表达及精度分析等基本理论与关键技术;从坡面地形因子提取、地形特征要素提取、地形统计分析及地学模型分析四个方面,阐述了DEM数字地形分析的基本理论与方法。 | |
| 410 | 0 | @12001 @a地理信息系统教学丛书 |
| 606 | 0 | @a高程系统 |
| 606 | 0 | @a地形测量 |
| 606 | 0 | @a高程系统@x地形测量@x数学模型 |
| 606 | 0 | @a数学模型 |
| 606 | 0 | @a测绘学 |
| 606 | 0 | @a测量学 |
| 690 | @aP216@v4 | |
| 690 | @aP208@v3 | |
| 701 | 0 | @a汤国安@ATang Guo An@c(数字技术)@4著 |
| 701 | 0 | @a刘学军@ALiu Xue Jun@c(地理信息系统)@4著 |
| 701 | 0 | @a闾国年@ALu Guo Nian@f(1961.1~)@4著 |
| 801 | 0 | @aCN@bTAOJIN@c20070529 |
| 905 | @a10447@dP208@e143 | |
| 数字高程模型及地学分析的原理与方法/汤国安,刘学军,闾国年著.-北京:科学出版社,2005 |
| 12,411页:图;24cm.-(地理信息系统教学丛书) |
| 21世纪高等院校教材国家自然科学基金资助项目教育部科学技术基金重点项目 |
| ISBN 7-03-015321-9:CNY38.00 |
| 本书系统地介绍了DEM的基本概念、DEM的数据组织与管理、DEM的建立与处理、DEM的可视化表达及精度分析等基本理论与关键技术;从坡面地形因子提取、地形特征要素提取、地形统计分析及地学模型分析四个方面,阐述了DEM数字地形分析的基本理论与方法。 |
| ● |
| 相关链接 |
|
|
|
|
正题名:数字高程模型及地学分析的原理与方法
索取号:P208/143
 
预约/预借
| 序号 | 登录号 | 条形码 | 馆藏地/架位号 | 状态 | 备注 |
| 1 | 0523537 | 205235379 | 第二样本阅览室/ [索取号:P208/143] | 在馆 | |
| 2 | 0523538 | 205235388 | 第三借阅区/ [索取号:P208/143] | 在馆 | |
| 3 | 0523539 | 205235397 | 第三借阅区/ [索取号:P208/143] | 在馆 | |
| 4 | 0523540 | 205235404 | 第三借阅区/ [索取号:P208/143] | 在馆 |